| 000 | 00376nam a2200145Ia 4500 | ||
|---|---|---|---|
| 008 | 230917s9999||||xx |||||||||||||| ||und|| | ||
| 040 |
_e127329 _aMAIN |
||
| 041 | _aEnglish | ||
| 082 | _a327.101 R188I | ||
| 100 | _aRathod P. B. | ||
| 245 | 0 | _aInternational relations: concepts and theories. | |
| 260 |
_aNew Delhi _bCommonwealth _c2004 |
||
| 300 | _a256p. p. | ||
| 942 | _cBK | ||
| 999 |
_c120061 _d120061 |
||